| 000 | 01303nam0a2200313 4500 | ||
|---|---|---|---|
| 001 | RU\NLR\bibl\1445805 | ||
| 005 | 20260405191123.0 | ||
| 035 | _a(NLR Aleph) 001437638 | ||
| 090 |
_a1442610 _c1442610 |
||
| 100 | _a20091201d2009 |||y0rusy50 ca | ||
| 101 | 0 | _arus | |
| 102 | _aRU | ||
| 105 | _aa ||||||||| | ||
| 200 | 1 |
_aЧитая Диева _e[посвящается протоиерею Михаилу Диеву] _eстихи _fТамара Никитина |
|
| 210 |
_aСанкт-Петербург _c[б. и.] _d2009 |
||
| 215 |
_a82 с. _cил., портр. _d21 |
||
| 320 | _aДр. произведения авт. на 82-й с. | ||
| 607 |
_aНерехта, город (Костромская область) _xИстория _91845385 _3RU\NLR\auth\66835763 |
||
| 686 | _aТ3(2Р-4Ко-2Н) | ||
| 686 | _aШ6(2=Р)8-5 | ||
| 700 | 1 |
_4070 _8rus _7ca _aНикитина _bТ. В. _cпоэтесса _f1947- _gТамара Викторовна _3RU\NLR\auth\7783194 _966122 |
|
| 702 | 1 |
_4040 _8rus _7ca _aНикитина _bТ. В. _cпоэтесса _f1947- _gТамара Викторовна _3RU\NLR\auth\7783194 _966122 |
|
| 801 | 0 |
_aRU _bNLR _c20091201 _gRCR |
|
| 801 | 1 |
_aRU _bNLR _c20091201 |
|
| 830 | _aавт. по кн. | ||
| 942 | _cBOOK | ||
| 980 | _aNB | ||